000 01292cam a2200289 4500
001 ABS63100
008 000000n2000 000 0 eng u
035 _a(Sirsi) u109401
100 _aReilly, F
245 _aFIDIC's new suite of contracts
260 _c2000
490 _aConstruction Law Journal
_v16(3) 187-198(12)
520 _aExamines in detail the new FIDIC contracts for construction, plant and design-build, EPC turnkey projects, and tbe short form of contract. Provides a brief description of when each contract should be used, and outlines the similarities and differences between the three major contracts. Dedicates a separate section to the short form of contract, discussing each of the underlying principles on which it is based.
590 _aABS
650 _aBUILT ENVIRONMENT-BUILDING CONTRACT FORMS-STANDARD FORMS OF BUILDING CONTRACT-INTERNATIONAL FEDERATION OF CONSULTING ENGINEERS CONTRACTS
650 _aORANGE BOOK
650 _aYELLOW BOOK
650 _aRICS APPRAISAL AND VALUATION MANUAL
650 _aDESIGN AND BUILD
650 _aTURNKEY CONTRACTS
650 _aCONTRACT DOCUMENTS
650 _aSHORTER FORMS
650 _aCOMPARISON
690 _aBUILT ENVIRONMENT-BUILDING CONTRACT FORMS
700 _aTweeddale, A
942 _n0
999 _c65312
_d65312